[Event "Landesklasse Ost 2024/25"]
[Site "?"]
[Date "2025.04.27"]
[Round "8.7"]
[White "Margraf, Moritz"]
[Black "Scheiding, Sophia"]
[Result "1/2-1/2"]
[WhiteElo "1504"]
[BlackElo "1624"]
[PlyCount "75"]
[EventDate "2024.09.15"]
[EventType "team-tourn"]
[EventRounds "9"]
[WhiteTeam "SV Thuringia Königsee"]
[BlackTeam "Meuselwitzer SV"]

{[%evp 0,75,22,22,83,84,75,60,65,63,53,12,32,-17,7,-64,8,-73,-17,0,25,-27,-17,-26,2,-19,-20,-26,-26,-33,9,10,5,7,25,27,44,11,44,49,33,27,64,58,58,31,31,2,-10,-2,-30,13,0,0,0,0,0,0,0,0,21,13,21,49,45,30,30,37,53,7,46,50,46,53,45,41,32,45]} 1. d4 d6 2. e4 Nf6 3. Nc3 Nbd7 4. Nf3 e5 5. d5 c6 6. dxc6 bxc6 7. Be3 Be7 8. Be2 O-O 9. O-O Qc7 10. Bc4 Nb6 11. Bb3 Be6 12. Bg5 Rad8 13. Qe2 h6 14. Bh4 Nh7 15. Bxe7 Qxe7 16. Rad1 Qf6 17. h3 Qg6 18. Nh4 Qg5 19. Nf3 Qh5 20. Rd3 a5 21. Bxe6 fxe6 22. Rfd1 Nc4 23. Na4 Ng5 24. b3 Na3 25. c4 Nxf3+ 26. Rxf3 Rxf3 27. Qxf3 Qxf3 28. gxf3 Nc2 29. Kg2 Nd4 30. f4 Rf8 31. fxe5 dxe5 32. Nc5 Rd8 33. Nb7 Ra8 34. Rd2 Ra7 35. Nc5 Rf7 36. Nd3 Nf3 37. Re2 Nh4+ 38. Kf1 1/2-1/2

[Event "Landesklasse Ost 2024/25"]
[Site "?"]
[Date "2025.04.27"]
[Round "8.8"]
[White "Schmidt, Jens"]
[Black "Jahn, Rene"]
[Result "1-0"]
[WhiteElo "1727"]
[BlackElo "1129"]
[PlyCount "67"]
[EventDate "2024.09.15"]
[EventType "team-tourn"]
[EventRounds "9"]
[WhiteTeam "Meuselwitzer SV"]
[BlackTeam "SV Thuringia Königsee"]

{[%evp 0,67,22,-15,39,36,32,24,51,41,61,23,20,15,17,-3,18,-8,6,0,1,-9,5,-2,33,31,65,49,69,61,55,44,82,84,72,71,74,64,87,83,102,41,120,92,133,118,139,112,138,125,149,128,127,72,76,68,68,61,71,79,79,68,71,73,121,79,190,185,248,248]} 1. c4 c6 2. e3 Nf6 3. Nc3 d5 4. d4 Bg4 5. Nf3 e6 6. Bd2 Nbd7 7. b3 Be7 8. Be2 a6 9. O-O O-O 10. Re1 Ne4 11. h3 Nxc3 12. Bxc3 Bxf3 13. Bxf3 Nf6 14. Qc2 g6 15. a4 Nd7 16. e4 Nf6 17. exd5 cxd5 18. c5 Rc8 19. b4 b6 20. Qd3 Ra8 21. Bd2 Re8 22. Rec1 Qb8 23. Rab1 Rc8 24. g3 Bd8 25. Bf4 Bc7 26. Bxc7 Rxc7 27. a5 b5 28. Re1 Rc6 29. Qe3 Kg7 30. h4 h6 31. Kg2 Qe8 32. g4 Qe7 33. g5 Ng8 34. Bxd5 1-0

[Event "Landesklasse Ost 2024/25"]
[Site "?"]
[Date "2025.04.27"]
[Round "8.1"]
[White "Besancon, Pascal"]
[Black "Tobal, Elias"]
[Result "1-0"]
[WhiteElo "1867"]
[BlackElo "1956"]
[PlyCount "103"]
[EventDate "2024.09.15"]
[EventType "team-tourn"]
[EventRounds "9"]
[WhiteTeam "Schachklub Weida"]
[BlackTeam "SC Turm Erfurt"]

{[%evp 0,103,19,10,35,46,75,20,24,20,30,25,24,26,32,6,42,18,71,52,43,45,94,109,111,110,108,108,108,120,181,125,179,179,199,82,123,40,62,75,64,72,72,85,93,93,115,128,118,126,173,152,153,158,141,147,219,160,203,142,140,113,114,101,109,108,200,113,112,81,115,189,168,175,159,168,151,132,161,128,128,128,121,121,222,159,141,142,138,144,144,178,208,134,280,226,232,226,545,559,586,586,29981,29982,29983,29984]} 1. e4 c5 2. Nc3 d6 3. g3 Nf6 4. Bg2 Bg4 5. Nge2 Nc6 6. h3 Bd7 7. d3 Qc8 8. Be3 b5 9. Qd2 e5 10. Nxb5 Nd4 11. Na3 Rb8 12. c3 Nxe2 13. Qxe2 Be7 14. f4 exf4 15. Bxf4 O-O 16. Nc4 Ne8 17. Kf2 Be6 18. Bf3 g5 19. Be3 f5 20. exf5 Rxf5 21. g4 Rf8 22. Kg2 Bf6 23. Rhe1 Bf7 24. Bf2 Qa6 25. Bg3 Rd8 26. Ne3 d5 27. Nf5 Kh8 28. Qf2 d4 29. c4 Ng7 30. Ne7 Rde8 31. Nd5 Bxd5 32. Bxd5 Ne6 33. Bxe6 Rxe6 34. Qf5 Rxe1 35. Rxe1 Bg7 36. Qxc5 Qb7+ 37. Qd5 Qxb2+ 38. Kg1 Qd2 39. Qe4 Qxa2 40. Re2 Qb1+ 41. Kh2 Qf1 42. Re1 Qf7 43. c5 a5 44. c6 a4 45. c7 a3 46. Qb7 Qd7 47. Rc1 Rc8 48. Rb1 Bf8 49. Qxc8 Qxc8 50. Rb8 a2 51. Rxc8 a1=Q 52. Rxf8+ 1-0

[Event "Landesklasse Ost 2024/25"]
[Site "?"]
[Date "2025.04.27"]
[Round "8.2"]
[White "McLeod, Andrew"]
[Black "Künzel, Andre"]
[Result "1-0"]
[WhiteElo "1838"]
[BlackElo "1937"]
[PlyCount "129"]
[EventDate "2024.09.15"]
[EventType "team-tourn"]
[EventRounds "9"]
[WhiteTeam "SC Turm Erfurt"]
[BlackTeam "Schachklub Weida"]

{[%evp 0,129,17,18,76,75,75,69,90,76,66,14,46,47,74,43,48,30,28,52,27,50,28,26,26,-21,-16,-14,-22,-31,-27,-41,-19,-47,0,-102,18,17,6,-37,-32,-30,9,-24,-2,-5,0,-27,-18,-10,-17,-39,-2,0,9,8,18,4,28,29,39,43,49,31,74,57,70,63,73,76,77,23,23,10,39,14,20,30,37,36,25,17,17,21,32,27,39,39,44,0,0,0,0,0,0,0,0,22,50,61,49,45,94,74,169,183,183,164,172,390,727,664,888,992,992,1002,1002,1012,1012,1012,1012,1022,1059,1088,1100,1119,1914,1435,29961,1914,29965,29978]} 1. e4 d6 2. d4 Nf6 3. Nc3 e5 4. Nf3 Nbd7 5. Rg1 Be7 6. g4 exd4 7. Qxd4 Nc5 8. g5 Ne6 9. Qc4 Nd7 10. Be3 c6 11. O-O-O Qc7 12. Be2 b5 13. Qd3 Ndc5 14. Bxc5 Nxc5 15. Qd4 Ne6 16. Qd3 Qa5 17. e5 Nf4 18. Qe4 Nxe2+ 19. Qxe2 d5 20. Nd4 b4 21. Nb3 Qa6 22. Qxa6 Bxa6 23. Na4 Bb5 24. Nac5 a5 25. Nb7 a4 26. N3c5 Bxc5 27. Nxc5 O-O 28. f4 Be2 29. Rde1 Bc4 30. b3 axb3 31. axb3 Bb5 32. Kb2 Ra7 33. Ra1 Rfa8 34. Rxa7 Rxa7 35. Ra1 Rxa1 36. Kxa1 Kf8 37. Kb2 Ke7 38. c3 bxc3+ 39. Kxc3 f6 40. gxf6+ gxf6 41. Kd4 Be2 42. b4 Bb5 43. Nb7 Ke6 44. Nd6 fxe5+ 45. fxe5 Ba4 46. Nb7 Bb5 47. Nc5+ Ke7 48. Ke3 Kf7 49. Nb3 Ba4 50. Nd4 Ke7 51. Kf4 Kf7 52. Kf5 Ke7 53. Kg5 Bb5 54. Nxb5 cxb5 55. Kf5 Kf7 56. e6+ Ke7 57. Ke5 d4 58. Kxd4 Kxe6 59. Kc5 Kd7 60. Kxb5 Kc7 61. Ka6 h5 62. b5 Kb8 63. Kb6 h4 64. h3 Ka8 65. Kc7 1-0

[Event "Landesklasse Ost 2024/25"]
[Site "?"]
[Date "2025.04.27"]
[Round "8.3"]
[White "Schlierf, Andre"]
[Black "Schade, Holger"]
[Result "1-0"]
[WhiteElo "1779"]
[BlackElo "1770"]
[PlyCount "73"]
[EventDate "2024.09.15"]
[EventType "team-tourn"]
[EventRounds "9"]
[WhiteTeam "Schachklub Weida"]
[BlackTeam "SC Turm Erfurt"]

1. c4 b6 2. Nc3 Bb7 3. e4 c5 4. g3 g6 5. Bg2 Bg7 6. Nge2 f5 7. d3 Nh6 8. O-O O-O 9. h3 Nc6 10. Be3 e6 11. Qd2 Nf7 12. f4 d6 13. Rad1 Nd4 14. b3 Qe7 15. Rde1 Nd8 16. Nb5 Nxb5 17. cxb5 a6 18. bxa6 Rxa6 19. a4 Nc6 20. Nc3 Nd4 21. Bxd4 Bxd4+ 22. Kh2 Qg7 23. Nb5 Rd8 24. exf5 Bxg2 25. Qxg2 exf5 26. Qd5+ Qf7 27. Re6 Raa8 28. Rfe1 Kh8 29. Nxd4 cxd4 30. Qxd4+ Kg8 31. Re7 Qf8 32. Qd5+ Kh8 33. Rf7 Qh6 34. Ree7 Re8 35. Qd4+ Kg8 36. Rg7+ Kh8 37. Rxh7+ 1-0

[Event "Landesklasse Ost 2024/25"]
[Site "?"]
[Date "2025.04.27"]
[Round "8.4"]
[White "Strohner, Maximilian"]
[Black "Schumann, Robert"]
[Result "0-1"]
[WhiteElo "1777"]
[BlackElo "1852"]
[PlyCount "60"]
[EventDate "2024.09.15"]
[EventType "team-tourn"]
[EventRounds "9"]
[WhiteTeam "SC Turm Erfurt"]
[BlackTeam "Schachklub Weida"]

{[%evp 0,60,19,31,31,38,12,17,10,14,18,1,27,45,36,8,8,-44,-4,-13,-14,-18,24,20,9,-8,-28,-31,-31,-48,-68,-54,-49,-102,-125,-93,-93,-131,-81,-131,-136,-192,-180,-222,-222,-262,-251,-234,-265,-274,-262,-29989,-29990,-29991,-29992,-29993,-29994,-29995,-29996,-29997,-29998,-29999,-30000]} 1. e4 e5 2. Nc3 Nc6 3. Bc4 Nf6 4. d3 Be7 5. f4 exf4 6. Bxf4 d6 7. h3 Be6 8. Nd5 Ne5 9. Bxe5 dxe5 10. Nxf6+ Bxf6 11. Bxe6 Bh4+ 12. Ke2 fxe6 13. Nf3 O-O 14. Nxh4 Qxh4 15. Qe1 Qg5 16. g4 Rf4 17. Qg3 Raf8 18. Rh2 Qf6 19. g5 Qe7 20. Rg1 Qc5 21. Rc1 Qb5 22. Qe3 Qxb2 23. Rhh1 Qxa2 24. Qc5 b6 25. Qxc7 Rf2+ 26. Kd1 Qa5 27. c3 Qa2 28. Qxg7+ Kxg7 29. Rc2 Qxc2+ 30. Ke1 Qd2# 0-1

[Event "Landesklasse Ost 2024/25"]
[Site "?"]
[Date "2025.04.27"]
[Round "8.5"]
[White "Heine, Mario"]
[Black "Stöcklein, Paul"]
[Result "0-1"]
[WhiteElo "1717"]
[BlackElo "1634"]
[PlyCount "198"]
[EventDate "2024.09.15"]
[EventType "team-tourn"]
[EventRounds "9"]
[WhiteTeam "Schachklub Weida"]
[BlackTeam "SC Turm Erfurt"]

{[%evp 0,198,27,39,39,12,25,10,9,-7,-14,-27,-7,-29,-26,-23,-22,-36,-54,-29,-41,-72,-60,-80,-99,-74,12,-93,-79,-49,-43,-124,-34,-29,-29,-31,-47,-47,-45,-140,-155,-168,-69,-62,55,-181,-10,-10,0,0,9,8,0,7,4,-11,23,-40,-45,-37,-9,-24,-20,-80,-17,-28,-35,-40,7,0,0,0,0,-80,-72,-118,-119,-121,-114,-123,-112,-110,-110,-114,-116,-114,-119,-116,-119,-119,-112,-119,-111,-111,-111,-111,-111,-176,-177,-177,-177,-219,-212,-229,-220,-220,-242,-239,-240,-240,-233,-232,-226,-254,-259,-240,-233,-231,-226,-226,-211,-324,-347,-347,-336,-347,-365,-381,-365,-375,-375,-557,-567,-710,-1012,-1013,-1172,-1207,-658,-1884,-1134,-1134,-1258,-29973,-1235,-1467,-1596,-29979,-2537,-29989,-2,-2,-2,-95,-90,-90,0,0,0,-90,-4,-4,-4,-4,-4,-90,-90,-90,-90,-90,-90,-90,-4,-525,-527,-525,-525,-525,-525,-537,-537,-537,-337,-537,-258,-258,-507,-527,-537,-537,-507,-507,-537,-537,-537,-537,-537,-1002,-1022,-1429,-28307]} 1. e4 e5 2. Nc3 Nf6 3. Nf3 Nc6 4. d4 exd4 5. Nxd4 Bb4 6. Bg5 h6 7. Nxc6 bxc6 8. Bd2 O-O 9. Bd3 d5 10. f3 Qd6 11. a3 Bc5 12. Qe2 Rb8 13. Na4 Bd4 14. Bb4 c5 15. e5 Qxe5 16. Qxe5 Bxe5 17. Bxc5 Re8 18. O-O-O Bd7 19. b3 Bxa4 20. bxa4 Bc3 21. Bb5 c6 22. Rd3 cxb5 23. Rxc3 bxa4 24. Bxa7 Rb7 25. Bd4 Re2 26. Bxf6 gxf6 27. g3 d4 28. Rd3 Rc7 29. Rd2 Re3 30. Rxd4 Rxa3 31. Kb2 Rac3 32. Rxa4 Rxc2+ 33. Kb1 Rg2 34. Ra2 Rxa2 35. Kxa2 Rc2+ 36. Kb1 Rg2 37. f4 Kg7 38. f5 h5 39. Kc1 Kh6 40. h4 Rxg3 41. Kd2 Rf3 42. Ke2 Rxf5 43. Ke3 Kg7 44. Ke4 Re5+ 45. Kf4 Kf8 46. Ra1 Rd5 47. Ke4 Rb5 48. Ra4 Kg7 49. Kf4 Kg6 50. Ra8 Rb4+ 51. Kg3 Rg4+ 52. Kh3 f5 53. Rg8+ Kh7 54. Rf8 Kg7 55. Ra8 f4 56. Ra5 Kg6 57. Ra8 Rg3+ 58. Kh2 Kf5 59. Ra5+ Kg4 60. Ra4 Rh3+ 61. Kg2 Rxh4 62. Rb4 Rh3 63. Rc4 f5 64. Ra4 Re3 65. Ra8 f3+ 66. Kf2 Re2+ 67. Kg1 Rg2+ 68. Kh1 Kh3 69. Ra3 Rf2 70. Kg1 Kg3 71. Rb3 h4 72. Rb8 Rg2+ 73. Kh1 h3 74. Rb3 h2 75. Rxf3+ Kg4 76. Rf2 Rg3 77. Kxh2 f4 78. Rg2 Kf3 79. Ra2 Rg5 80. Ra3+ Kg4 81. Kg2 Rc5 82. Ra2 Rc3 83. Kf2 Rh3 84. Ra4 Rh2+ 85. Kg1 Rb2 86. Kf1 Kg3 87. Ra8 Rb1+ 88. Ke2 f3+ 89. Ke3 Re1+ 90. Kd2 Re2+ 91. Kd1 Kf2 92. Rf8 Re5 93. Kd2 Rd5+ 94. Kc3 Ke2 95. Re8+ Kf1 96. Rf8 f2 97. Rf4 Kg2 98. Rg4+ Kf3 99. Rg8 Rf5 0-1

[Event "Landesklasse Ost 2024/25"]
[Site "?"]
[Date "2025.04.27"]
[Round "8.7"]
[White "Heine, Robert"]
[Black "Grüner, Nico"]
[Result "0-1"]
[WhiteElo "1547"]
[BlackElo "1565"]
[PlyCount "84"]
[EventDate "2024.09.15"]
[EventType "team-tourn"]
[EventRounds "9"]
[WhiteTeam "Schachklub Weida"]
[BlackTeam "SC Turm Erfurt"]

{[%evp 0,84,27,28,17,15,65,9,3,3,9,-21,1,-15,1,2,18,6,43,52,57,35,30,13,16,10,15,17,32,38,48,22,11,11,11,13,13,-8,28,14,11,5,11,-2,3,-31,2,-30,24,-36,-32,-119,-101,-151,-101,-163,-169,-208,-211,-230,-255,-211,-218,-339,-343,-357,-375,-371,-339,-349,-319,-319,-336,-467,-471,-475,-476,-469,-403,-461,-342,-566,-571,-602,-663,-682,-709]} 1. d4 Nf6 2. Nf3 g6 3. e3 Bg7 4. Bd3 O-O 5. Nbd2 d6 6. c3 Nbd7 7. O-O c5 8. Re1 cxd4 9. exd4 e6 10. Ne4 Nxe4 11. Bxe4 Nf6 12. Bd3 Bd7 13. Bg5 b5 14. Qd2 Qb6 15. Bh6 Bc6 16. Bxg7 Kxg7 17. Qf4 Bxf3 18. Qxf3 a5 19. Rab1 b4 20. Rec1 Rfc8 21. h3 a4 22. Qe3 d5 23. f3 Rc7 24. c4 dxc4 25. Bxc4 Rd8 26. b3 a3 27. Kh1 Qxd4 28. Qxd4 Rxd4 29. Rc2 Nd5 30. Rbc1 Nc3 31. Kg1 Rcd7 32. Rxc3 bxc3 33. Rxc3 Rd1+ 34. Kh2 R1d2 35. b4 Rc7 36. Rd3 Rxd3 37. Bxd3 Rc3 38. Bb1 Kf6 39. b5 Ke5 40. b6 Rc8 41. b7 Rb8 42. Be4 f5 0-1

[Event "Landesklasse Ost 2024/25"]
[Site "?"]
[Date "2025.04.27"]
[Round "8.8"]
[White "Boroshnev, Dmytro"]
[Black "Pillot, Franz"]
[Result "1-0"]
[WhiteElo "1776"]
[BlackElo "1261"]
[PlyCount "87"]
[EventDate "2024.09.15"]
[EventType "team-tourn"]
[EventRounds "9"]
[WhiteTeam "SC Turm Erfurt"]
[BlackTeam "Schachklub Weida"]

{[%evp 0,87,27,12,51,43,36,25,52,40,61,24,20,20,61,18,40,9,2,-20,-18,-22,-13,-39,-24,-39,-22,-31,-8,-4,-7,-25,13,22,32,-7,32,6,-2,8,44,16,16,22,23,-5,11,-22,74,21,84,17,107,150,256,271,281,260,259,224,253,260,272,256,529,503,514,554,568,618,650,711,711,487,614,468,533,509,556,546,627,646,677,684,731,784,804,826,992,1017]} 1. e4 c5 2. Nf3 Nc6 3. Bb5 e6 4. O-O Be7 5. Bxc6 bxc6 6. d3 d6 7. Be3 Qc7 8. Nbd2 Nf6 9. c3 Ba6 10. Qc2 O-O 11. Rfd1 Rfd8 12. d4 cxd4 13. cxd4 Nd7 14. Rac1 Rac8 15. b4 Be2 16. Re1 Bxf3 17. gxf3 Rf8 18. Qb3 Rb8 19. a3 Kh8 20. Qc4 Rbc8 21. Nb3 Nb6 22. Qc2 f5 23. Na5 fxe4 24. fxe4 d5 25. e5 Rf5 26. Qxc6 Qd8 27. Qxe6 Rxc1 28. Rxc1 Qf8 29. Rf1 h6 30. Kh1 Rf3 31. Kg2 Bh4 32. Qg4 Rxe3 33. fxe3 Qe7 34. Nc6 Qg5 35. Qxg5 Bxg5 36. Kf3 Nc4 37. Re1 Nxa3 38. Nxa7 Nc4 39. Nc8 Bh4 40. Re2 Kg8 41. b5 Kf8 42. b6 Na5 43. Ra2 Nb7 44. Ra7 1-0

[Event "Landesklasse Ost 2024/25"]
[Site "?"]
[Date "2025.04.27"]
[Round "8.1"]
[White "Kaipalath, Varun Raj"]
[Black "Buring, Matthias"]
[Result "0-1"]
[WhiteElo "1862"]
[BlackElo "2000"]
[PlyCount "98"]
[EventDate "2024.09.15"]
[EventType "team-tourn"]
[EventRounds "9"]
[WhiteTeam "SV Schott Jena 2"]
[BlackTeam "SG Arnstadt-Stadtilm"]

1. e4 e5 2. Nf3 d5 3. exd5 e4 4. Qe2 f5 5. d3 Nf6 6. Nc3 Bb4 7. dxe4 Bxc3+ 8. bxc3 fxe4 9. Nd4 Qxd5 10. Ba3 Nbd7 11. Nb5 Qc6 12. Qc4 Qxc4 13. Bxc4 Kd8 14. O-O-O b6 15. Nd4 Bb7 16. Ne6+ Kc8 17. Nxg7 Kb8 18. Be7 a6 19. Rhe1 Bc6 20. Be6 Kb7 21. g4 h6 22. Bf5 Rhg8 23. Nh5 Nxh5 24. Bxd7 Bxd7 25. Rxd7 Rxg4 26. Rd4 Re8 27. f3 Rg2 28. Rdxe4 Rxh2 29. Rg4 Nf6 30. Rgg1 Nd5 31. Bh4 Rf8 32. Bg3 Rh3 33. c4 Rxf3 34. Be5 Ne3 35. Rg7 a5 36. Bxc7 Nxc4 37. Bd8+ Ka6 38. Rg2 h5 39. Bg5 Ra3 40. Kb1 Rag3 41. Rxg3 Rxg3 42. Bf6 Rf3 43. Bg5 Rf2 44. Rh1 Na3+ 45. Kb2 Nxc2 46. Rxh5 Nb4+ 47. Kb3 Nxa2 48. Be7 Nc1+ 49. Ka3 Ra2# 0-1

[Event "Landesklasse Ost 2024/25"]
[Site "?"]
[Date "2025.04.27"]
[Round "8.2"]
[White "Sauer, Marko"]
[Black "Will, Jonas"]
[Result "1/2-1/2"]
[WhiteElo "2033"]
[BlackElo "1835"]
[PlyCount "118"]
[EventDate "2024.09.15"]
[EventType "team-tourn"]
[EventRounds "9"]
[WhiteTeam "SG Arnstadt-Stadtilm"]
[BlackTeam "SV Schott Jena 2"]

1. e4 e5 2. Bc4 Nc6 3. c3 Nf6 4. d3 a5 5. a4 Bc5 6. Qe2 d6 7. Be3 Bxe3 8. Qxe3 Be6 9. Nd2 O-O 10. Ne2 d5 11. exd5 Bxd5 12. O-O Re8 13. Qh3 Qd6 14. Rad1 Rad8 15. Bxd5 Qxd5 16. Nc4 e4 17. Nf4 Qc5 18. Ne3 Qb6 19. dxe4 Rxd1 20. Nxd1 Qb3 21. Nd5 Nxd5 22. exd5 Qxd5 23. Qg3 Ne5 24. h3 Qc4 25. f4 Nd7 26. f5 Nf6 27. Qf4 Re4 28. Qd2 Nd5 29. Re1 Rxe1+ 30. Qxe1 Qxa4 31. b3 Qc6 32. c4 Nf6 33. Qxa5 b6 34. Qd2 h6 35. Nf2 Qc5 36. Qd8+ Kh7 37. Qd3 Qe5 38. g4 Qe1+ 39. Kg2 Qe7 40. Kf3 Kg8 41. Ne4 Nd7 42. Qd5 c6 43. Qd6 Kf8 44. Qxe7+ Kxe7 45. Kf4 Nf6 46. Nxf6 gxf6 47. b4 Kd6 48. Ke4 Kc7 49. h4 Kd6 50. Kd4 Kd7 51. c5 b5 52. Ke4 Ke7 53. Kf4 Kf8 54. g5 hxg5+ 55. hxg5 Kg7 56. gxf6+ Kxf6 57. Kg4 Kg7 58. Kg5 f6+ 59. Kh5 Kh7 1/2-1/2

[Event "Landesklasse Ost 2024/25"]
[Site "?"]
[Date "2025.04.27"]
[Round "8.3"]
[White "Kavehei, Hamed"]
[Black "Kaiser, Markus"]
[Result "1-0"]
[WhiteElo "1735"]
[BlackElo "1781"]
[PlyCount "57"]
[EventDate "2024.09.15"]
[EventType "team-tourn"]
[EventRounds "9"]
[WhiteTeam "SV Schott Jena 2"]
[BlackTeam "SG Arnstadt-Stadtilm"]

1. d4 d5 2. Bf4 c5 3. c3 Nc6 4. Nf3 Qb6 5. Qb3 Qxb3 6. axb3 cxd4 7. Nxd4 Nxd4 8. cxd4 e6 9. Nc3 Bd7 10. e3 Bb4 11. Bd3 Ne7 12. Ke2 Nc6 13. Nb5 Ke7 14. Ra4 f6 15. Rxb4 Nxb4 16. Bd6+ Kf7 17. Bxb4 Bxb5 18. Bxb5 a6 19. Bd3 Rac8 20. Ra1 Rc6 21. Bc5 b5 22. f3 e5 23. b4 g6 24. e4 dxe4 25. Bxe4 Rc7 26. d5 f5 27. d6 Rd7 28. Bd5+ Kf6 29. Rxa6 1-0

[Event "Landesklasse Ost 2024/25"]
[Site "?"]
[Date "2025.04.27"]
[Round "8.4"]
[White "Grkinic, Goran"]
[Black "Eichhorn, Mathilda"]
[Result "1-0"]
[WhiteElo "1889"]
[BlackElo "1757"]
[PlyCount "69"]
[EventDate "2024.09.15"]
[EventType "team-tourn"]
[EventRounds "9"]
[WhiteTeam "SG Arnstadt-Stadtilm"]
[BlackTeam "SV Schott Jena 2"]

1. Nf3 e6 2. c4 Nf6 3. Nc3 d5 4. d4 c6 5. Bg5 Be7 6. Bxf6 Bxf6 7. e4 dxe4 8. Nxe4 Qa5+ 9. Qd2 Qxd2+ 10. Nexd2 O-O 11. Ne4 Be7 12. Bd3 Bb4+ 13. Ke2 Nd7 14. a3 Be7 15. h4 Nf6 16. Nxf6+ Bxf6 17. g4 Rd8 18. Rad1 g6 19. Be4 Bd7 20. g5 Bg7 21. h5 Rac8 22. c5 e5 23. hxg6 hxg6 24. Nxe5 Be6 25. Rh4 Bd5 26. Bc2 b6 27. b4 bxc5 28. bxc5 Rb8 29. f4 Rb2 30. Rd2 Ra2 31. Rh3 Bxe5 32. fxe5 Rb8 33. Bd1 Bc4+ 34. Ke1 Ra1 35. Rdh2 1-0

[Event "Landesklasse Ost 2024/25"]
[Site "?"]
[Date "2025.04.27"]
[Round "8.5"]
[White "Link, Moritz"]
[Black "Degel, Steven"]
[Result "1-0"]
[WhiteElo "1717"]
[BlackElo "1590"]
[PlyCount "93"]
[EventDate "2024.09.15"]
[EventType "team-tourn"]
[EventRounds "9"]
[WhiteTeam "SV Schott Jena 2"]
[BlackTeam "SG Arnstadt-Stadtilm"]

1. e4 c5 2. Nc3 Nc6 3. Nf3 g6 4. d4 cxd4 5. Nxd4 Bg7 6. Be3 a6 7. Nd5 e6 8. Nxc6 bxc6 9. Bb6 Qh4 10. Nc7+ Kf8 11. Qd6+ Ne7 12. Nxa8 Qxe4+ 13. Be3 Be5 14. Qd3 Qb4+ 15. Ke2 Nd5 16. Qb3 Qe4 17. Re1 Kg7 18. Kd1 Nxe3+ 19. Rxe3 Qd4+ 20. Bd3 Qc5 21. c3 Bf4 22. Rf3 Qg5 23. g3 Bd6 24. Nb6 h5 25. Nc4 Bc7 26. Re1 d5 27. Nd2 e5 28. Rfe3 e4 29. Bc2 Qf6 30. f3 exf3 31. Nxf3 Bg4 32. Rf1 Rb8 33. Qa3 d4 34. cxd4 Qxd4+ 35. Qd3 Qb6 36. Qc3+ Kg8 37. Kc1 Qb5 38. Rfe1 c5 39. Ng5 Ba5 40. Qf6 Rf8 41. Re8 Bd2+ 42. Kb1 Qxe8 43. Rxe8 Bxg5 44. Rxf8+ Kxf8 45. Qxg5 c4 46. Qf6 a5 47. Bxg6 1-0

[Event "Landesklasse Ost 2024/25"]
[Site "?"]
[Date "2025.04.27"]
[Round "8.6"]
[White "Jank, Kevin"]
[Black "Bunke, Wilfried"]
[Result "0-1"]
[WhiteElo "1780"]
[BlackElo "1865"]
[PlyCount "92"]
[EventDate "2024.09.15"]
[EventType "team-tourn"]
[EventRounds "9"]
[WhiteTeam "SG Arnstadt-Stadtilm"]
[BlackTeam "SV Schott Jena 2"]

1. e4 e6 2. Nf3 d5 3. e5 c5 4. b4 cxb4 5. d4 Nc6 6. a3 Bd7 7. axb4 Bxb4+ 8. c3 Be7 9. Bd3 Na5 10. O-O a6 11. Qe2 Rc8 12. Bf4 Nc4 13. g3 h6 14. h4 g5 15. hxg5 hxg5 16. Bc1 Nh6 17. Kg2 Nf5 18. Rh1 Rxh1 19. Kxh1 Bb5 20. Nbd2 Kd7 21. Nxc4 dxc4 22. Be4 Bc6 23. Bd2 Qh8+ 24. Kg2 g4 25. Bxc6+ Rxc6 26. Ng1 Qg8 27. Qe4 Qg6 28. Qe1 Ng7 29. Ne2 Qe4+ 30. Kf1 Rb6 31. Kg1 Rb2 32. Rd1 Nh5 33. Qf1 f6 34. d5 exd5 35. exf6 Bxf6 36. Be3 Kc6 37. Re1 Qf3 38. Bd4 Qd3 39. Bxf6 Nxf6 40. Nd4+ Kd7 41. Qg2 Rb1 42. Rxb1 Qxb1+ 43. Kh2 Qe1 44. Nf5 Qe4 45. Qf1 Qxf5 46. Kg1 Ne4 0-1

[Event "Landesklasse Ost 2024/25"]
[Site "?"]
[Date "2025.04.27"]
[Round "8.7"]
[White "Jordan, Gunter"]
[Black "Marufke, Kai"]
[Result "1-0"]
[WhiteElo "1785"]
[BlackElo "1683"]
[PlyCount "81"]
[EventDate "2024.09.15"]
[EventType "team-tourn"]
[EventRounds "9"]
[WhiteTeam "SV Schott Jena 2"]
[BlackTeam "SG Arnstadt-Stadtilm"]

1. e4 e5 2. Nf3 Nc6 3. Bc4 Nf6 4. d3 d6 5. Ng5 d5 6. exd5 Na5 7. Nc3 Nxc4 8. dxc4 Bb4 9. Bd2 O-O 10. O-O Bxc3 11. Bxc3 h6 12. Nf3 e4 13. Ne5 Nd7 14. Qd4 Qg5 15. Qxe4 Nf6 16. Qe3 Qh5 17. Qf3 Qg5 18. Qg3 Qf5 19. Nd3 Ne8 20. Rfe1 g6 21. Re5 Qg4 22. Rae1 Qxg3 23. hxg3 Bf5 24. Bb4 Nd6 25. Bxd6 cxd6 26. Re7 Rac8 27. b3 b5 28. cxb5 Rxc2 29. Nb4 Rc5 30. a4 Ra8 31. Rb7 Bc8 32. Re8+ Kg7 33. Rd7 Rc3 34. Nc6 Rxb3 35. Nxa7 Bb7 36. Rxa8 Bxa8 37. Nc6 Ra3 38. Ra7 Bxc6 39. dxc6 Ra1+ 40. Kh2 d5 41. b6 1-0

[Event "Landesklasse Ost 2024/25"]
[Site "?"]
[Date "2025.04.27"]
[Round "8.8"]
[White "Feuerpfeil, Tyler Joel"]
[Black "Seifert, Michael"]
[Result "1/2-1/2"]
[WhiteElo "1402"]
[BlackElo "1801"]
[PlyCount "65"]
[EventDate "2024.09.15"]
[EventType "team-tourn"]
[EventRounds "9"]
[WhiteTeam "SG Arnstadt-Stadtilm"]
[BlackTeam "SV Schott Jena 2"]

1. d4 Nf6 2. Nf3 g6 3. c4 Bg7 4. Nc3 O-O 5. g3 d6 6. Bg2 Nbd7 7. O-O e5 8. d5 a5 9. e4 Nc5 10. Ne1 Ne8 11. Nd3 Nxd3 12. Qxd3 f5 13. f4 fxe4 14. Bxe4 Nf6 15. Bg2 Bf5 16. Ne4 exf4 17. Bxf4 Kh8 18. Bg5 Qd7 19. Bxf6 Rxf6 20. Nxf6 Bxf6 21. Qb3 b6 22. Rad1 Qg7 23. Rd2 Re8 24. Kh1 Bg5 25. Rdf2 Re3 26. Qb5 h5 27. Rf3 Re2 28. R1f2 Re1+ 29. Bf1 Qe7 30. h4 Be3 31. Re2 Rxe2 32. Bxe2 Be4 33. Kg2 1/2-1/2

[Event "Landesklasse Ost 2024/25"]
[Site "?"]
[Date "2025.04.27"]
[Round "8.1"]
[White "Seidel, Thomas"]
[Black "Albrecht, Jürgen"]
[Result "1/2-1/2"]
[WhiteElo "1879"]
[BlackElo "1965"]
[PlyCount "20"]
[EventDate "2024.09.15"]
[EventType "team-tourn"]
[EventRounds "9"]
[WhiteTeam "MTV 1876 Saalfeld"]
[BlackTeam "SSV Vimaria 91 Weimar 2"]

1. e4 c5 2. c4 Nc6 3. Nf3 g6 4. Nc3 Bg7 5. Be2 Nf6 6. d3 O-O 7. O-O d6 8. h3 a6 9. Rb1 e6 10. Bg5 h6 1/2-1/2

[Event "Landesklasse Ost 2024/25"]
[Site "?"]
[Date "2025.04.27"]
[Round "8.2"]
[White "Weiß, Thomas"]
[Black "Böhl, Dietmar"]
[Result "1/2-1/2"]
[WhiteElo "1947"]
[BlackElo "1805"]
[PlyCount "54"]
[EventDate "2024.09.15"]
[EventType "team-tourn"]
[EventRounds "9"]
[WhiteTeam "SSV Vimaria 91 Weimar 2"]
[BlackTeam "MTV 1876 Saalfeld"]

1. d4 Nf6 2. c4 e5 3. dxe5 Ng4 4. Bf4 Nc6 5. Nf3 Bb4+ 6. Nc3 Qe7 7. Qd5 Bxc3+ 8. bxc3 Qa3 9. Rc1 f6 10. Rc2 Qe7 11. e6 dxe6 12. Qh5+ g6 13. Qxg4 e5 14. Qg3 exf4 15. Qxf4 O-O 16. h4 Ne5 17. e3 Bf5 18. e4 Bd7 19. Nxe5 Qxe5 20. Qxe5 fxe5 21. c5 Be6 22. Bb5 b6 23. cxb6 axb6 24. c4 Ra3 25. Ke2 Kf7 26. Rd1 Ke7 27. Rd3 Rxf2+ 1/2-1/2